Merchant Banking: (Record no. 3663)
[ view plain ]
| 000 -LEADER | |
|---|---|
| fixed length control field | 01528nam a2200181 4500 |
| 020 ## - INTERNATIONAL STANDARD BOOK NUMBER | |
| ISBN | 8122414664 |
| 050 ## - CALL NUMBER | |
| Classification number | HG1555 |
| 100 ## - AUTHOR | |
| Personal name | H.R. Machiraju |
| 245 ## - TITLE | |
| Title | Merchant Banking: |
| Remainder of title | Principles and Practice |
| Statement of responsibility, etc | H.R. Machiraju |
| 250 ## - EDITION | |
| Edition statement | 3rd ed |
| 260 ## - PUBLICATION INFORMATION | |
| Place of publication | New Delhi |
| Name of publisher | New Age International Publishers |
| Year of publication | 2003 |
| 300 ## - DESCRIPTION | |
| Number of Pages | 559p |
| Other physical details | illus,23cm |
| 500 ## - NOTES | |
| General note | includes index |
| 505 ## - FORMATTED CONTENTS NOTE | |
| Table of Content | Merchant Banking: Nature and scope 1<br/>Regulation of merchant banking activity 17<br/>Project preparation and appraisal 32<br/>Securities 53<br/>Design of capital structure 90<br/>SEBI Guidelines for public issues 109<br/>Pre-issue management: Types of issues and analysis of prospectus 161<br/>Pre-issue management: Co-ordination, marketing and underwriting 221<br/>Pre-issue management: pricing of rights and further public issues 238<br/>Post-issue management: Allotment and dispatch of shares/refunds and listing requirements 294<br/>Public deposits and commercial paper 319<br/>Security rating 329<br/>Loan syndication: domestic 362<br/>Loan syndication :External 377<br/>Conversion of private limited companies into public limited companies 395<br/>Mergers, Acquisitions, Amalgamations and Takeovers 417<br/>Venture Capital 481<br/>Non-Resident Indian Investors 495<br/>Foreign investment and institutional investors 512<br/>Joint Ventures 547<br/>Index 553<br/><br/> |
| 650 ## - SUBJECTS | |
| Topical Term | Merchant Banking |
| 700 ## - OTHER AUTHORS | |
| Personal name | H.R. Machiraju |
| 942 ## - ADDED ENTRY ELEMENTS (KOHA) | |
| Koha item type | Books |
| Withdrawn status | Lost status | Collection code | Home library | Current library | Shelving location | Date acquired | Full call number | Accession Number | Koha item type |
|---|---|---|---|---|---|---|---|---|---|
| Reference | Methodist University Library Main | Methodist University Library Main | General Stacks | 06/08/2006 | HG1555 | 12821 | Books | ||
| Reference | Methodist University Library Main | Methodist University Library Main | General Stacks | 06/08/2006 | HG1555 | 12822 | Books |